000 00464 a2200145 4500
020 _a156607987X
040 _aDLC
_bDLC
082 0 0 _a005.4469
100 1 _aKorzeniowski, Paul.
245 1 0 _aWindows NT 4.0 : Microsoft's server and operating system strategy for the future
_cPaul Korzeniowski.
260 _aCharleston, S.C. :
_bComputer Technology Research,
_c1997.
300 _ap. cm.
650 0 _aOperating systems (Computers)
942 _cBK
_k005.4469 KOR
_2ddc
999 _c6334
_d6334